Slovenské národnostné školstvo v Maďarsku optikou pedagógov

Bibliographic Details
Main Authors: Ďurkovská, Mária, 1981- (Author), Kentoš, Michal (Author)
Format: Software eBook
Language:Slovak
PhysicalDescription:1 CD-ROM (91 strán) ilustrácie (niektoré farebné), diagramy, schémy, tabuľky 12 cm
Published: Košice Centrum spoločenských a psychologických vied SAV, Spoločenskovedný ústav 2021
ISBN:9788089524594
Edition:Vydanie: prvé
Subjects:

MARC

LEADER 00000nam a2200000 4500
001 vtls012083111
003 SK-MaSNL
005 20260301150816.0
007 co cg auuua
008 220112s2021 xo a gsn 000 0 slo
020 |a 9788089524594  |q (elektronická kniha) 
040 |a SNK  |b slo  |c SNK  |e rda 
041 0 |a slo 
043 |a e-hu--- 
044 |a xo  |c SK 
072 7 |a 37.09  |x Organizácia výučby a vzdelávanie  |2 konspekt 
072 7 |a 316.3  |x Globálne spoločnosti. Sociálna štruktúra. Sociálne skupiny  |2 konspekt 
080 |a 37.091:342.71  |2 2011 
080 |a (=162.4)  |2 2011 
080 |a 316.347  |2 2011 
080 |a 371:376.74  |2 2001 
080 |a 811.162.4  |2 2011 
080 |a 37.091.3  |2 2011 
080 |a "1989/-"  |2 2011 
080 |a (439)  |2 2011 
080 |a (0.034.44)  |2 2011 
080 |a (0.034.2)  |2 2011 
080 |a (048.8)  |2 2011 
100 1 |a Ďurkovská, Mária,  |d 1981-  |4 aut  |9 237815 
245 1 0 |a Slovenské národnostné školstvo v Maďarsku optikou pedagógov  |h elektronický zdroj  |c Mária Ďurkovská, Michal Kentoš 
250 |a Vydanie: prvé 
256 |a Elektronické dokumenty 
264 1 |a Košice  |b Centrum spoločenských a psychologických vied SAV, Spoločenskovedný ústav  |c 2021 
300 |a 1 CD-ROM (91 strán)  |b ilustrácie (niektoré farebné), diagramy, schémy, tabuľky  |c 12 cm 
336 |a text  |b txt  |2 rdacontent 
337 |a počítač  |b c  |2 rdamedia 
338 |a počítačový disk  |b cd  |2 rdacarrier 
500 |a Názvové a vydavateľské údaje z hlavnej obrazovky 
504 |a Bibliografia na strane 85-91 
516 |a Text (pdf) 
536 |a Publikácia vznikla v rámci riešenia projektu VEGA č. 2/0012/19 "Reflexia slovenského národnostného školstva v Maďarsku v kontexte súčasnosti a ďalších perspektív jeho fungovania" 
538 |a Požiadavky na systém: Windows 98 a vyššie, CD-mechanika, Acrobat Reader DC 
648 7 |a po 1989  |2 SNKPH  |9 310873 
648 7 |a after 1989  |2 SNKPHeng  |9 508570 
650 0 7 |a národnostné školstvo  |2 SNKPH  |9 71418 
650 0 7 |a Slováci  |2 SNKPH  |9 22552 
650 0 7 |a národná identita  |2 SNKPH  |9 1665 
650 0 7 |a menšinové školstvo  |2 SNKPH  |9 71419 
650 0 7 |a slovenčina  |2 SNKPH  |9 1350 
650 0 7 |a štúdium a výučba  |2 SNKPH  |9 3982 
650 0 7 |a National education  |2 SNKPHeng  |9 318371 
650 0 7 |a Slovaks  |2 SNKPHeng  |9 265192 
650 0 7 |a National identity  |2 SNKPHeng  |9 282676 
650 0 7 |a Minority schools  |2 SNKPHeng  |9 488088 
650 0 7 |a Slovak language  |2 SNKPHeng  |9 266031 
650 0 7 |a Study and teaching  |2 SNKPHeng  |9 265408 
651 7 |a Maďarsko  |2 SNKPHgeo  |9 16754 
651 7 |a Hungary  |2 SNKPHeng  |9 265263 
655 7 |a CD-ROM  |2 SNKPH  |9 70236 
655 7 |a elektronické zdroje  |2 SNKPH  |9 90954 
655 7 |a štúdie  |2 SNKPH  |9 57033 
655 7 |a Compact Disc Read-only Memory  |2 SNKPHeng  |9 298508 
655 7 |a Electronic resources  |2 SNKPHeng  |9 175546 
655 7 |a Studies  |2 SNKPHeng  |9 265573 
700 1 |a Kentoš, Michal  |4 aut  |9 48915 
919 |a 978-80-89524-59-4 
999 |c 784696  |d 786626 
952 |a SNK  |b SNK  |y NEVYP  |7 1  |p 17A1478828  |o snkSCDM 12123  |i snk2022/1914  |8 0  |0 0  |1 0  |4 0  |d 2022-02-03  |l 0  |r 2026-02-24 01:16:34  |w 2026-02-24